KOHA-Header-6

S. Chand’s Objective Physics For IIT-JEE, AIEEE, AIIMS, AIPMT (Record no. 12402)

000 -LEADER
fixed length control field 00315nam a22001217a 4500
020 ## - INTERNATIONAL STANDARD BOOK NUMBER
ISBN 9788121915304
082 ## - DEWEY DECIMAL CLASSIFICATION NUMBER
Classification number 530.07
100 ## - MAIN ENTRY--AUTHOR NAME
Personal name MAHESH JAIN
245 ## - TITLE STATEMENT
Title S. Chand’s Objective Physics For IIT-JEE, AIEEE, AIIMS, AIPMT
Statement of responsibility, etc MAHESH JAIN
260 ## - PUBLICATION, DISTRIBUTION, ETC. (IMPRINT)
Place of publication India
Name of publisher S Chand
Year of publication 2018
300 ## - PHYSICAL DESCRIPTION
Number of Pages 1736 pages.
942 ## - ADDED ENTRY ELEMENTS (KOHA)
Koha item type Books
Holdings
Withdrawn status Lost status Collection code Permanent Location Current Location Shelving location Date acquired Full call number Accession Number Koha item type
    Physics MAJU MAJU Shelf No.B31 2020-06-03 530.07 7923 Physics

Powered by Koha